000 00284nam a22001337a 4500
008 170907b xxu||||| |||| 00| 0 eng d
020 _a9780878576296
041 _aeng
080 _a721
100 _a41
101 _aNDI
245 _aCOUNTRY FURNITURE
_cWOLF,R
942 _2udc
_cBK
999 _c26578
_d26578